[Event "Moscow Petrosian Memorial U18"]
[Site "Moscow"]
[Date "2007.01.??"]
[Round "7"]
[White "Nagiev, Ali"]
[Black "Lagashin, Pavel"]
[Result "0-1"]
[WhiteElo "2125"]
[BlackElo "1919"]
[PlyCount "64"]
[EventDate "2007.01.??"]
[EventType "swiss"]
[EventRounds "9"]
[EventCountry "RUS"]
[SourceTitle "EXT 2008"]
[Source "ChessBase"]
[SourceDate "2007.11.25"]
[SourceVersion "1"]
[SourceVersionDate "2007.11.25"]
[SourceQuality "1"]

1. e4 e5 2. Nf3 Nf6 3. Nc3 Nc6 4. Bb5 d6 5. d4 exd4 6. Nxd4 Bd7 7. 0-0 Be7 8. Nxc6 bxc6 9. Bc4 0-0 10. f4 Ng4 11. Be2 Qc8 12. h3 Nf6 13. Be3 Re8 14. Qd3 Bf8 15. Bf3 g6 16. Rad1 Bg7 17. Kh1 h5 18. Rd2 Re7 19. Bf2 Qb7 20. b3 Qb4 21. Bh4 Re6 22. Re2 Nh7 23. Be1 Qa3 24. Bd2 Rae8 25. Rfe1 Bc8 26. Rf2 Ba6 27. Qe3 c5 28. Bc1 Qa5 29. Bd2 Bd4 30. Nd5 Qxa2 31. Nb4 Bxe3 32. Nxa2 Bxf2 0-1